Tous les Pokemon de type Fée (1G) - Statistiques

Statistiques générales
  • Ce quiz a été pris 20 fois
  • Le résultat moyen est 4 sur 5
Statistiques - réponses
Indices Réponses % Correct
Fée Mélodelfe
95%
Fée + Normal Rondoudou
95%
Fée Mélofée
89%
Fée + Normal Grodoudou
84%
Fée + Psy M. Mime
63%
Aucun quiz correspondant
Distribution des résultats
% des personnes avec chaque résultat
Percentile par nombre de réponses
Votre historique - résultats
Vous n’avez pas pris ce quiz